Review of some current issues of the tax system as a part of the economic system of the Slovak Republic - an example of positive practice for Serbia

Niektoré súčasné otázky daňového systému Slovenskej republiky. Autonómne regióny a hrubé mzdy vybraných profesií. Super hrubá mzda - nový termín na Slovensku. Rovná daň, daňový systém Slovenskej republiky a deň daňovej slobody.

Guardado en:
Detalles Bibliográficos
Autor principal: Surový, Vladimír
Otros Autores: Sklenka, Miloš
Formato: Capítulo de libro
Lenguaje:inglés
Materias:
Etiquetas: Agregar Etiqueta
Sin Etiquetas, Sea el primero en etiquetar este registro!

MARC

LEADER 00000naa$a2200000$$$4500
001 0142010
005 20240502083330.5
041 0 |a eng 
044 |a RS 
245 1 0 |a Review of some current issues of the tax system as a part of the economic system of the Slovak Republic - an example of positive practice for Serbia  |c Vladimír Surový, Miloš Sklenka 
520 |a Niektoré súčasné otázky daňového systému Slovenskej republiky. Autonómne regióny a hrubé mzdy vybraných profesií. Super hrubá mzda - nový termín na Slovensku. Rovná daň, daňový systém Slovenskej republiky a deň daňovej slobody. 
610 2 0 |a systémy daňové 
610 2 0 |a dane rovné 
610 2 0 |a zdaňovanie 
610 2 0 |a mzdy 
610 2 0 |a Slovensko 
610 2 0 |a Srbsko 
100 1 |a Surový, Vladimír 
700 1 |a Sklenka, Miloš